00441nam a2200193Ia 4500003000900000008004100009040001300050040001300063041000800076100002300084245005600107250001000163260001700173260000900190300001100199300001200210490001900222490000600241IT-RoPAU120407s9999 xx 000 0 und d aIT-RoPAU cIT-RoPAU afra aXavier Leon-Dufour aLes miracles de Jésus selon le nouveau testament. aParis aEd. Du Seuil c1977 a395 p. c20,5 cm aParole de Dieu v1